| 000 | 00482nam a2200205Ia 4500 | ||
|---|---|---|---|
| 003 | OSt | ||
| 005 | 20240808125805.0 | ||
| 008 | 210210b2000 xxu||||| |||| 00| 0 eng d | ||
| 040 | _cAL | ||
| 041 | _aEnglish | ||
| 082 | _a909 SEQW | ||
| 100 |
_aSEQUEIRA (Gilbert). _9175831 |
||
| 245 | _aWorld history | ||
| 260 |
_aMangalore _bJ JPublications _c2000 |
||
| 300 | _a353 | ||
| 650 |
_a.I PUC. _9175832 |
||
| 690 |
_aWorld History _9175833 |
||
| 906 | _a055412 | ||
| 942 |
_2ddc _cBK |
||
| 999 |
_c102876 _d102876 |
||